000 00606cam a2200217 a 4500
001 2942008
003 OSt
005 20160224170847.0
008 900912s1990 nyu 000 1 eng
010 _a 90010367
020 _a0671665804 :
_c$21.95
040 _aSEKU
050 0 0 _aPR 6053.O4
_bL6 1990
100 1 _aCollins, Joan,
_d1933-
245 1 0 _aLove & desire & hate /
_cJoan Collins.
260 _aNew York :
_bLinden Press/Simon and Schuster,
_cc1990.
300 _a368 p. ;
_c25 cm.
655 7 _aRomantic suspense novels.
_2gsafd
740 0 _aLove and desire and hate.
942 _2lcc
_cGEN
999 _c11475
_d11475